Every NFL Quarterback Current - Statistics

General Stats
  • This quiz has been taken 111 times
  • The average score is 53 of 86
Answer Stats
Hint Answer % Correct
49ers Brock Purdy
98%
Buccs Baker Mayfield
95%
Bengals Joe Burrow
91%
Bills Josh Allen
91%
49ers Mac Jones
91%
Broncos Bo Nix
89%
Colts Daniel Jones
89%
Patriots Drake Maye
89%
Ravens Lamar Jackson
89%
Chiefs Patrick Mahomes
89%
Bears Caleb Williams
88%
Falcons Emory Jones
88%
Raiders Geno Smith
88%
Cardinals Kyler Murray
88%
Steelers Aaron Rodgers
86%
Titans Brandon Allen
86%
Eagles Jalen Hurts
86%
Commanders Jayden Daniels
86%
Lions Kyle Allen
86%
Rams Matthew Stafford
86%
Giants Russell Wilson
86%
Dolphins Tua Tagovailoa
86%
Lions Jared Goff
85%
Giants Jaxson Dart
85%
Seahawks Sam Darnold
85%
Panthers Bryce Young
83%
Texans C.J. Stroud
83%
Cowboys Dak Prescott
83%
Browns Joe Flacco
83%
Browns Shedeur Sanders
83%
Jaguars Trevor Lawrence
83%
Dolphins Zach Wilson
83%
Vikings J.J. McCarthy
82%
Packers Jordan Love
82%
Jets Justin Fields
82%
Chargers Justin Herbert
82%
Falcons Michael Penix Jr.
80%
Falcons Kirk Cousins
79%
Titans Cam Ward
77%
Giants Jameis Winston
71%
Commanders Marcus Mariota
71%
Browns Dillon Gabriel
70%
Colts Anthony Richardson Sr.
68%
Saints Spencer Rattler
68%
Raiders Kenny Pickett
67%
Vikings Carson Wentz
62%
Chiefs Gardner Minshew
62%
Panthers Andy Dalton
61%
Cardinals Jacoby Brissett
61%
Chargers Trey Lance
61%
Bengals Jake Browning
59%
Saints Tyler Shough
58%
Browns Deshaun Watson
56%
Texans Davis Mills
53%
Rams Jimmy Garoppolo
53%
Packers Malik Willis
53%
Jets Tyrod Taylor
53%
Ravens Cooper Rush
50%
Steelers Mason Rudolph
50%
Commanders Josh Johnson
45%
Titans Will Levis
45%
Seahawks Drew Lock
42%
Broncos Jarrett Stidham
41%
Dolphins Quinn Ewers
41%
Cowboys Joe Milton III
39%
Bills Mitch Trubisky
38%
Buccs Teddy Bridgewater
38%
Bears Tyson Bagent
38%
Raiders Aidan O’Connell
36%
Patriots Joshua Dobbs
35%
Seahawks Jalen Milroe
33%
Colts Riley Leonard
30%
Steelers Skylar Thompson
27%
Bears Case Keenum
26%
Eagles Tanner McKee
26%
Eagles Sam Howell
24%
Patriots Tommy DeVito
24%
Vikings Max Brosmer
23%
Jaguars Nick Mullens
21%
Rams Stetson Bennett
21%
Steelers Will Howard
18%
Vikings Desmond Ridder
15%
49ers Kurtis Rourke
9%
Broncos Sam Ehlinger
9%
Bengals Brett Rypien
8%
Texans Graham Mertz
6%
No matching quizzes found
Score Distribution
Percent of People with Each Score
Percentile by Number Answered
Your Score History
You have not taken this quiz